000 00698nam a2200205 a 4500
005 20251203063945.0
008 010716s1999 mx r 000 0 spa d
020 _a8483162334
035 _aUPN01000111868
049 _aCG
050 4 _aLB1050
_bQ5.2
100 1 _aQuintanal Díaz, José
245 1 0 _aActividades lectoras en la escuela infantil y primaria :
_bguía para la organización y el desarrollo de programas de animación lectora /
_cJosé Quintanal Díaz.
260 _aMadrid :
_bCCS,
_c1999.
300 _a123 p. :
_bil.
440 0 _aMateriales para educadores ;
_v36
650 4 _aLectura
_xEstudio y enseñanza
_96274
650 4 _aIntereses en la lectura
_94851
905 _aLibro
999 _c85776
_d85776